Greening Europe : 2022 European Public Investment Outlook.

Bibliographic Details
Main Author: Cerniglia, Floriana.
Other Authors: Saraceno, Francesco.
Format: eBook
Language:English
Published: Cambridge, UK : Open Book Publishers, 2022.
Edition:1st ed.
Subjects:
Online Access:Click to View
LEADER 01412nam a22003493i 4500
001 EBC30283863
003 MiAaPQ
005 20231204023229.0
006 m o d |
007 cr cnu||||||||
008 231204s2022 xx o ||||0 eng d
020 |a 9781800649071  |q (electronic bk.) 
035 |a (MiAaPQ)EBC30283863 
035 |a (Au-PeEL)EBL30283863 
035 |a (OCoLC)1357154908 
040 |a MiAaPQ  |b eng  |e rda  |e pn  |c MiAaPQ  |d MiAaPQ 
100 1 |a Cerniglia, Floriana. 
245 1 0 |a Greening Europe :  |b 2022 European Public Investment Outlook. 
250 |a 1st ed. 
264 1 |a Cambridge, UK :  |b Open Book Publishers,  |c 2022. 
264 4 |c Ã2022. 
300 |a 1 online resource (246 pages) 
336 |a text  |b txt  |2 rdacontent 
337 |a computer  |b c  |2 rdamedia 
338 |a online resource  |b cr  |2 rdacarrier 
588 |a Description based on publisher supplied metadata and other sources. 
590 |a Electronic reproduction. Ann Arbor, Michigan : ProQuest Ebook Central, 2023. Available via World Wide Web. Access may be limited to ProQuest Ebook Central affiliated libraries.  
655 4 |a Electronic books. 
700 1 |a Saraceno, Francesco. 
776 0 8 |i Print version:  |a Cerniglia, Floriana  |t Greening Europe  |d Cambridge, UK : Open Book Publishers,c2022 
797 2 |a ProQuest (Firm) 
856 4 0 |u https://ebookcentral.proquest.com/lib/matrademy/detail.action?docID=30283863  |z Click to View